[Event "LUX-chABC"]
[Site "Dudelange"]
[Date "1998.04.15"]
[Round "5.30"]
[White "Steinmetzer, Jacques"]
[Black "Kremer, Nicolas"]
[Result "1-0"]
[WhiteElo "1570"]
[BlackElo "1545"]
[PlyCount "105"]
[EventDate "1998.04.11"]
[EventType "swiss"]
[EventRounds "9"]
[EventCountry "LUX"]
[SourceTitle "EXT 2013"]
[Source "ChessBase"]
[SourceDate "2012.11.22"]
[SourceVersion "1"]
[SourceVersionDate "2012.11.22"]
[SourceQuality "1"]

1. b3 d5 2. Bb2 Nf6 3. e3 c5 4. Be2 e6 5. Nf3 Be7 6. 0-0 0-0 7. d3 Nbd7 8. Nbd2 b6 9. d4 Bb7 10. Qe1 Ne4 11. Nxe4 dxe4 12. Nd2 f5 13. f3 Bh4 14. g3 Bg5 15. f4 Be7 16. Bc4 Bd5 17. Qe2 Nf6 18. h3 g6 19. g4 Bd6 20. Rad1 Qe7 21. g5 Nh5 22. Qe1 a6 23. Bxd5 exd5 24. dxc5 Bxc5 25. Nb1 Rfd8 26. Kg2 Qc7 27. Qc3 Rd7 28. Qh8+ Kf7 29. Qxa8 Bxe3 30. Nc3 Nxf4+ 31. Kh1 Nxh3 32. Kg2 Nxg5 33. Rxd5 f4 34. Rxd7+ Qxd7 35. Qd5+ Qe6 36. Qxe6+ Kxe6 37. Bc1 Bxc1 38. Rxc1 Kf5 39. Rd1 h5 40. Rd5+ Kg4 41. Rd6 e3 42. Rxg6 h4 43. Ne4 f3+ 44. Kf1 e2+ 45. Ke1 Kf5 46. Rxg5+ Kxe4 47. Kf2 Kf4 48. Rg1 h3 49. Rg8 h2 50. Rh8 Kg4 51. Rxh2 e1Q+ 52. Kxe1 Kg3 53. Rd2 1-0